000 00553nam a22002057a 4500
999 _c442967
_d442967
003 UA-OsUOA
005 20191126102921.0
008 191126b un ||||| |||| 00| 0 ukr d
040 _aUA-OsUOA
_bukr
_cUA-OsUOA
_dUA-OsUOA
041 _aukr
080 _a929
090 _a929
_bМ97
100 _aМин В
245 _aПолвека КПК и предательство Мао Цзе - Дуна
_cВан Мин
260 _aМосква
_bПолитиздат
_c1975
300 _a311 с.
650 _a929
942 _2udc
_cBK
955 _a1